| 000 | 00847nas a2200265 4500 | ||
|---|---|---|---|
| 001 | BR7906673 | ||
| 003 | BR-BrBNA | ||
| 005 | 20231205083958.0 | ||
| 007 | ta | ||
| 008 | 230509b bl.|||p| |||| 00| 00por d | ||
| 040 |
_aBR-BrBNA _bpor _cBiblioteca Nacional de Agricultura |
||
| 041 | _a(Pt) | ||
| 072 | _aH60 | ||
| 100 | 1 | _aDeuber, R. | |
| 100 | 1 | _aSignori, L.H. | |
| 100 | 1 | _aMathes, L.A.F. | |
| 100 | 1 | _aForster, R. | |
| 111 | 1 |
_a12. Seminario Brasileiro de Herbicidas e Ervas Daninhas _cFortaleza, CE (Brazil) _d1978 |
|
| 245 | 1 | _aControle de plantas daninhas e efeitos de herbicidas na cultura de Gladiolus [Gladiolo] | |
| 650 | _aGLADIOLO | ||
| 650 | _aHERBICIDA | ||
| 773 | 0 |
_tPlanta Daninha (Brazil) _xISSN 0100-8358 _g(Jun 1979), v. 2(1) p. 11-17 _wBR7906673 |
|
| 909 |
_a202311 _bLúcia _c55 _dLúcia Elande |
||
| 942 |
_2AGRIS _n0 _cANA |
||
| 999 |
_c102378 _d102378 |
||